书目信息 |
| 题名: |
不懂带人 你就自己干到死
|
|
| 作者: | 卡夫曼 著 ;张甜 译 | |
| 分册: | ||
| 出版信息: | 北京 中国友谊出版公司 2016.6 |
|
| 页数: | 283页 | |
| 开本: | 24cm | |
| 丛书名: | ||
| 单 册: | ||
| 中图分类: | F272.91 | |
| 科图分类: | ||
| 主题词: | 企业领导学--qi ye ling dao xue--基本知识 | |
| 电子资源: | ||
| ISBN: | 978-7-5057-3741-9 | |
| 000 | 01148nam0 22002651 450 | |
| 001 | 0115101224 | |
| 005 | 20170415101224.0 | |
| 010 | @a978-7-5057-3741-9@b精装@dCNY48.00 | |
| 100 | @a20160815d2016 em y0chiy50 ea | |
| 101 | 1 | @achi@ceng |
| 102 | @aCN@b110000 | |
| 105 | @aa z 000yy | |
| 106 | @ar | |
| 200 | 1 | @a不懂带人 你就自己干到死@Abu dong dai ren ni jiu zi ji gan dao si@e把身边的庸才变干将@dThe solution tango seven simple steps to solutions in management@f(比利时)路易斯·卡夫曼(Louis Cauffman)著@g张甜译@zeng |
| 210 | @a北京@c中国友谊出版公司@d2016.6 | |
| 215 | @a283页@c图@d24cm | |
| 330 | @a本书共分6个部分,包括要带队伍啦,你准备好了吗;如何听,员工才会说;如何说,员工才会听;走对7步,迅速把庸才变干将等内容。 | |
| 510 | 1 | @aSolution tango seven simple steps to solutions in management@zeng |
| 517 | 1 | @a把身边的庸才变干将@Aba shen bian de yong cai bian gan jiang |
| 606 | 0 | @a企业领导学@Aqi ye ling dao xue@x基本知识 |
| 690 | @aF272.91@v5 | |
| 701 | 0 | @c(比利时)@a卡夫曼@Aka fu man@c(Cauffman, Louis)@4著 |
| 702 | 0 | @a张甜@Azhang tian@4译 |
| 801 | 0 | @aCN@bTANGWEI@c20170308 |
| 905 | @b0965635-8@dF272.91@e1377@f4 | |
| 不懂带人 你就自己干到死:把身边的庸才变干将=The solution tango seven simple steps to solutions in management/(比利时)路易斯·卡夫曼(Louis Cauffman)著/张甜译.-北京:中国友谊出版公司,2016.6 |
| 283页:图;24cm |
| ISBN 978-7-5057-3741-9(精装):CNY48.00 |
| 本书共分6个部分,包括要带队伍啦,你准备好了吗;如何听,员工才会说;如何说,员工才会听;走对7步,迅速把庸才变干将等内容。 |
| ● |
| 相关链接 |
|
|
|
|
正题名:不懂带人 你就自己干到死
索取号:F272.91/1377
 
预约/预借
| 序号 | 登录号 | 条形码 | 馆藏地/架位号 | 状态 | 备注 |
| 1 | 0965635 | 209656353 | 第一样本阅览室/ [索取号:F272.91/1377] | 在馆 | |
| 2 | 0965636 | 209656362 | 第一借阅区/ [索取号:F272.91/1377] | 在馆 | |
| 3 | 0965637 | 209656371 | 第一借阅区/ [索取号:F272.91/1377] | 在馆 | |
| 4 | 0965638 | 209656380 | 第一借阅区/ [索取号:F272.91/1377] | 在馆 |